LEADER 00909nam0 22002531i 450 001 UON00230702 005 20231205103500.53 100 $a20030730d1950 |0itac50 ba 101 $ahbs 102 $aHR 105 $a|||| ||||| 200 1 $aGlembajevi$fMiroslav Krleza 210 $aZagreb$cDrzavno Izdavacko Poduzece Hrvatske$d1950 215 $a703 p.$d20 cm. 620 $aHR$dZagreb$3UONL001976 676 $a891.82$cLetteratura serbo-croata$v21 700 1$aKRLE?A$bMiroslav$3UONV126209$0465374 712 $aDr?avno Izdavacko Poduzece Hrvatske$3UONV269283$4650 801 $aIT$bSOL$c20250620$gRICA 899 $aSIBA - SISTEMA BIBLIOTECARIO DI ATENEO$2UONSI 912 $aUON00230702 950 $aSIBA - SISTEMA BIBLIOTECARIO DI ATENEO$dSI CROATO A 0198 $eSI MR 27599 5 0198 996 $aGlembajevi$91272427 997 $aUNIOR LEADER 03346oam 2200757I 450 001 9910965958903321 005 20251117082310.0 010 $a1-134-19687-3 010 $a1-134-19688-1 010 $a1-282-57637-2 010 $a9786612576379 010 $a0-203-86633-9 024 7 $a10.4324/9780203866337 035 $a(CKB)2550000000006711 035 $a(EBL)481013 035 $a(OCoLC)609649551 035 $a(SSID)ssj0000357466 035 $a(PQKBManifestationID)11262998 035 $a(PQKBTitleCode)TC0000357466 035 $a(PQKBWorkID)10352908 035 $a(PQKB)10343142 035 $a(MiAaPQ)EBC481013 035 $a(MiAaPQ)EBC4977147 035 $a(Au-PeEL)EBL481013 035 $a(CaPaEBR)ebr10370226 035 $a(OCoLC)609649551 035 $a(Au-PeEL)EBL4977147 035 $a(CaONFJC)MIL257637 035 $a(OCoLC)144521075 035 $a(FINmELB)ELB149037 035 $a(EXLCZ)992550000000006711 100 $a20180706d2010 uy 0 101 0 $aeng 135 $aur|n|---||||| 181 $ctxt 182 $cc 183 $acr 200 10$aBusiness continuity management $ea crisis management approach /$fDominic Elliott, Ethne Swartz, and Brahim Herbane 205 $a2nd ed. 210 $aNew York, NY $cRoutledge$d2010 210 1$aNew York, N.Y. :$cRoutledge,$d2010. 215 $a1 online resource (347 p.) 300 $aDescription based upon print version of record. 311 08$a0-415-37109-0 311 08$a0-415-37108-2 320 $aIncludes bibliographical references and index. 327 $aBook Cover; Title; Copyright; Contents; Preface; 1 Continuity Management in Historical Context; 2 Legal Drivers and Business Continuity Management Standards; 3 Digital Resilience and Business Continuity Management; 4 Initiating, Redefining and Planning for Business Continuity Management: The Scope of Business Continuity Management; 5 Continuity Analysis and Planning; 6 Embedding Business Continuity Management; 7 Operational Management: Testing, Exercising and Incident Management; 8 Reflections on Past and Future; Notes; Bibliography; Index 330 $aSince the publication of the first edition in 2002, interest in crisis management has been fuelled by a number of events, including 9/11. The first edition of this text was praised for its rigorous yet logical approach, and this is continued in the second edition, which provides a well-researched, theoretically robust approach to the topic combined with empirical research in continuity management. New chapters are included on digital resilience and principles of risk management for business continuity. All chapters are revised and updated with particular attention being paid to the i 606 $aCrisis management 606 $aEmergency management 606 $aBusiness planning 615 0$aCrisis management. 615 0$aEmergency management. 615 0$aBusiness planning. 676 $a658.4/056 676 $a658.4056 700 $aElliott$b Dominic$f1963-$01629336 701 $aHerbane$b Brahim$f1969-$01862036 701 $aSwartz$b Ethne?$f1961-$01862037 801 0$bMiAaPQ 801 1$bMiAaPQ 801 2$bMiAaPQ 906 $aBOOK 912 $a9910965958903321 996 $aBusiness continuity management$94468290 997 $aUNINA